European Civic Citizenship and inclusion index

保存先:
書誌詳細
フォーマット: 図書
言語:英語
出版事項: Brussels British Council Brussels 2005
タグ: タグ追加
タグなし, このレコードへの初めてのタグを付けませんか!

MARC

LEADER 00000nam a2200000 4500
005 20250603174329.0
008 250603b |||||||| |||| 00| 0 eng d
040 |c Arcigay Genova 
245 |a European Civic Citizenship and inclusion index 
260 |a Brussels  |b British Council Brussels  |c 2005 
500 |a Research designed and co-ordinated by Professor Andrew Geddes and Jan Niessen, with Alex Balch, Claire Bullen and Maria José Peiro Compiled by Laura Citron and Richard Gowan 
942 |2 ddc  |c BK  |n 0 
999 |c 3306  |d 3306